LIBRARY & INFORMATION CENTRE, KCAET, TAVANUR

ONLINE PUBLIC ACCESS CATALOGUE (OPAC)

Normal view MARC view
  • Josaph annamkutty jose

Entry Personal Name

Number of records used in: 2

001 - CONTROL NUMBER

  • control field: 5423

003 - CONTROL NUMBER IDENTIFIER

  • control field: OSt

005 - DATE AND TIME OF LATEST TRANSACTION

  • control field: 20230506111637.0

008 - FIXED-LENGTH DATA ELEMENTS

  • fixed length control field: 230506|| aca||aabn | a|a d

040 ## - CATALOGING SOURCE

  • Original cataloging agency: OSt
  • Transcribing agency: OSt

100 ## - HEADING--PERSONAL NAME

  • Personal name: Josaph annamkutty jose
  • Personal name: ജോസഫ് അന്നംക്കുട്ടി ജോസ്

670 ## - SOURCE DATA FOUND

  • Source citation: Work cat.: (OSt)17661: Josaph annamkutty jose ജോസഫ് അന്നംക്കുട്ടി ജോസ് , Dhaivathinte charanmar, 2022
free website counter